000 01176nmc a2200409 a 4500
003 AR-BaBNM
005 20251128204905.0
008 206019s1987 ||||||||||||||000 | spa||
020 _a84-277-0762-2
040 _cAR-BaBNM
100 1 _aFernandes, Evaristo
245 1 0 _aProyecto educativo
_bpara una sociedad nueva
260 _aMadrid
_bNarcea
_c1987
300 0 _a191 p.
_btablas
490 0 _aEducación hoy
504 _aBibliografía: p. 187-191
650 4 _aRELACION FAMILIA-ESCUELA
650 4 _aMEDIO CULTURAL
650 4 _aMEDIO SOCIAL
650 4 _aIGUALDAD DE OPORTUNIDADES
650 4 _aPAPEL DE LA ESCUELA
650 4 _aDESARROLLO DE LA CREATIVIDAD
650 4 _aRELACION ALUMNO-DOCENTE
650 4 _aDINAMICA DE GRUPO
650 4 _aTECNICAS SOCIOMETRICAS
650 4 _aFORMACION DE DOCENTES
650 4 _aEDUCACION Y EMPLEO
650 4 _aDESARROLLO DE LA CREATIVIDAD
651 4 _aPortugal
653 0 _aFRACASO ESCOLAR
653 0 _aINSTITUCIONES EDUCATIVAS
653 0 _aORIENTACION EDUCATIVA
700 1 _aParedes, Máximo
_etraductor
700 1 _aBaranguán, Juana María
_etraductor
942 _cBK
998 _cSILVI
999 _c9220
_d9220